MARC

LEADER 00000cam a2200000 7i4500
001 0000025031
005 20131118.0
008 131114 my a may
040 |a INS 
090 0 0 |a M336 
110 1 |a Kursus prinsip / Asas penterjemahan ,   |d 2012 1 - 3 Oktober   |c INSPEN, Bangi 
245 0 0 |a Kursus prinsip / Asas penterjemahan :   |b 1 - 3 Oktober 2012   |c Anjuran Pusat Pengurusan dan Teknologi Maklumat, INSPEN 
260 |a Bangi :   |b Institut Penilaian Negara ,   |c 2012 
300 |a 1v. ( Various pagings ) :   |b ill. ;   |c 30 cm. 
650 0 |a Translating and interpreting. 
650 0 |a Translators   |x Training of. 
710 1 |a INSPEN ( Institut Penilaian Negara ) 
856 |u http://app.inspen.gov.my:7779/pls/portal/docs/PAGE/CORPORATEPAGES/PORTAL_INSPEN/NOTA_KURSUS/MANAGEMENT/KURSUS%20PRINSIP%20ASAS%20PENTERJEMAHAN.PDF 
999 |a M000000782   |b BOOK   |c Course Notes   |e Default branch 
999 |a M000000783   |b BOOK   |c Course Notes   |e Default branch 
999 |a M000000858   |b BOOK   |c Course Notes   |e Default branch